000
00201 a2200097 4500
001
954
100
_a
Horton D
245
_a
Television's story & challenge
260
_a
_b
Harrap
_c
090
_c
544
_d
544
942
_a
NUST-CAE
_c
M
_c
31867
999
_c
236027
_d
236027